| 000 | 00519nam a22001817a 4500 | ||
|---|---|---|---|
| 005 | 20231106122535.0 | ||
| 008 | 231106b |||||||| |||| 00| 0 eng d | ||
| 020 | _a0702125504 | ||
| 041 | _aEnglish | ||
| 082 | _a346.47 SCO | ||
| 100 |
_aScott, S _lEnglish |
||
| 245 |
_aThe Law of Cession / _cS Scott |
||
| 250 | _a2nd Edition | ||
| 260 |
_aCape Town : _bJuta and Company Ltd, _c1991 |
||
| 300 |
_bxxxvi, 275 pages ; _c25,5 cm. |
||
| 650 |
_aLegal practice _bLaw |
||
| 942 |
_cBK _6ALISON_BN_VRIES |
||
| 999 |
_c319 _d319 |
||